Dapitan prose (literary folio) / (Record no. 3472)
[ view plain ]
| 000 -LEADER | |
|---|---|
| fixed length control field | 00724nam a22002057a 4500 |
| 003 - CONTROL NUMBER IDENTIFIER | |
| control field | OSt |
| 005 - DATE AND TIME OF LATEST TRANSACTION | |
| control field | 20140310181757.0 |
| 008 - FIXED-LENGTH DATA ELEMENTS--GENERAL INFORMATION | |
| fixed length control field | 130701t xxu||||| |||| 00| 0 eng d |
| 050 ## - LIBRARY OF CONGRESS CALL NUMBER | |
| Classification number | PL 5535 |
| Item number | .D212 2007 |
| 082 ## - DEWEY DECIMAL CLASSIFICATION NUMBER | |
| Classification number | FIL 899.211305 |
| Item number | D11p 2007 |
| 245 ## - TITLE STATEMENT | |
| Title | Dapitan prose (literary folio) / |
| Statement of responsibility, etc | Edited by Eric Melendez. |
| 260 ## - PUBLICATION, DISTRIBUTION, ETC. (IMPRINT) | |
| Place of publication, distribution, etc | Espaa, Manila : |
| Name of publisher, distributor, etc | UST Publishing House, |
| Date of publication, distribution, etc | c200_. |
| 300 ## - PHYSICAL DESCRIPTION | |
| Extent | 142 p. : |
| Other physical details | ill. ; |
| Dimensions | 25 cm. : |
| 500 ## - GENERAL NOTE | |
| General note | Filipino and English text . Dapitan is the official Literary Folio of the Flame, The UST Student publication of Faculty of Arts and Letters. |
| 520 ## - SUMMARY, ETC. | |
| Summary, etc | 1. Prose--periodicals. |
| 521 ## - TARGET AUDIENCE NOTE | |
| Target audience note | |
| 541 ## - IMMEDIATE SOURCE OF ACQUISITION NOTE | |
| -- | 1 |
| 562 ## - COPY AND VERSION IDENTIFICATION NOTE | |
| Number of copies | 1 |
| 942 ## - ADDED ENTRY ELEMENTS (KOHA) | |
| Source of classification or shelving scheme | Library of Congress Classification |
| Koha item type | |
| Call number prefix | Filipininana |
| Withdrawn status | Lost status | Source of classification or shelving scheme | Damaged status | Home library | Current library | Shelving location | Date acquired | Total Checkouts | Full call number | Barcode | Date last seen | Copy number | Price effective from | Koha item type |
|---|---|---|---|---|---|---|---|---|---|---|---|---|---|---|
| Library of Congress Classification | Luxembourg Library | Luxembourg Library | Filipiniana Section | 07/01/2013 | PL 5535 .D212 2007 | 15122 | 03/10/2015 | 1 | 07/01/2013 | Books |